书目信息 |
| 题名: |
所有制改革:理论与方案
|
|
| 作者: | 范恒山 著 | |
| 分册: | ||
| 出版信息: | 北京 首都经济贸易大学出版社 2000.02 |
|
| 页数: | ||
| 开本: | ||
| 丛书名: | ||
| 单 册: | ||
| 中图分类: | F279.21 | |
| 科图分类: | ||
| 主题词: | 企业经济 | |
| 电子资源: | ||
| ISBN: | 7-5638-0819-1 | |
| 000 | 00547nam0 2200181 450 | |
| 001 | 0659541214 | |
| 005 | 20061214163413.68 | |
| 010 | @a7-5638-0819-1@dCNY21.00 | |
| 100 | @a20061214d2000 km y0chiy0120 ea | |
| 101 | 0 | @achi |
| 102 | @aCN@b110000 | |
| 200 | 1 | @a所有制改革:理论与方案@Asuo you zhi gai ge:li lun yu fang an@f范恒山 著@Ffan heng shan zhu |
| 210 | @a北京@c首都经济贸易大学出版社@d2000.02 | |
| 606 | 0 | @a企业经济 |
| 690 | @aF279.21@v3 | |
| 701 | 0 | @a范恒山@Afan heng shan@4著 |
| 801 | 0 | @aCN@bNISOFT@c20061214 |
| 905 | @a10447@dF279.21@eF116 | |
| 所有制改革:理论与方案/范恒山 著.-北京:首都经济贸易大学出版社,2000.02 |
| ISBN 7-5638-0819-1:CNY21.00 |
| ● |
| 相关链接 |
|
|
|
正题名:所有制改革:理论与方案
索取号:F279.21/F116
 
预约/预借
| 序号 | 登录号 | 条形码 | 馆藏地/架位号 | 状态 | 备注 |
| 1 | 444007 | 204440079 | 管理学院资料室/ [索取号:F279.21/F116] | 在馆 |